Interkultúrne kompetencie manažéra

Kultúra ako fenomén ovplyvňujúci formovanie medzinárodných vzťahov na všetkých úrovniach. Test interkultúrnej spôsobilosti jednotlivca. Orientácia v rozličných kultúrnych systémoch. Interkultúrne kompetencie a kultúrne rozdiely. Identifikácia parametrov kompetencií. Nadobúdanie interkultúrnych kompe...

Descrizione completa

Salvato in:
Dettagli Bibliografici
Autore principale: Bobenič Hintošová, Aneta, 1979-
Natura: Capitolo di libro
Lingua:slovacco
Soggetti:
Tags: Aggiungi Tag
Nessun Tag, puoi essere il primo ad aggiungerne!!

MARC

LEADER 00000naa$a2200000$$$4500
001 0155421
005 20240502072731.2
041 0 |a slo 
044 |a SK 
245 1 0 |a Interkultúrne kompetencie manažéra  |c Aneta Bobenič Hintošová 
520 |a Kultúra ako fenomén ovplyvňujúci formovanie medzinárodných vzťahov na všetkých úrovniach. Test interkultúrnej spôsobilosti jednotlivca. Orientácia v rozličných kultúrnych systémoch. Interkultúrne kompetencie a kultúrne rozdiely. Identifikácia parametrov kompetencií. Nadobúdanie interkultúrnych kompetencií. Slovenská kultúra očami cudzinca. Praktický príklad interkultúrnej kompetencie - služobná cesta do Číny. 
610 2 0 |a kultúra 
610 2 0 |a národ 
610 2 0 |a rokovania obchodné 
610 2 0 |a vzťahy medzinárodné 
610 2 0 |a kompetencie 
610 2 0 |a manažéri 
610 2 0 |a komunikácia multikultúrna 
100 1 |a Bobenič Hintošová, Aneta, 1979-